<?xml version="1.0" encoding="UTF-8"?>
<collection xmlns="http://www.loc.gov/MARC21/slim">
    <record>
        <controlfield tag="001">47385</controlfield>
        <datafield tag="024" ind1="7" ind2=" ">
            <subfield code="2">I:(DE-Ds200)20121002OR017</subfield>
            <subfield code="a">G:(DE-Ds200)HGF-IVF-VH-VI-417I</subfield>
        </datafield>
        <datafield tag="035" ind1=" " ind2=" ">
            <subfield code="a">G:(DE-Ds200)HGF-IVF-VH-VI-417I</subfield>
        </datafield>
        <datafield tag="150" ind1=" " ind2=" ">
            <subfield code="a">NAVI : Nuclear Astrophysics Virtual Institute (NAVI)</subfield>
            <subfield code="y">01-07-2011 - 2013</subfield>
        </datafield>
        <datafield tag="450" ind1=" " ind2=" ">
            <subfield code="a">HGF-IVF-VH-VI-417I</subfield>
            <subfield code="w">d</subfield>
            <subfield code="y">01-07-2011 - 2013</subfield>
        </datafield>
        <datafield tag="510" ind1="1" ind2=" ">
            <subfield code="0">I:(DE-588b)516552-X</subfield>
            <subfield code="a">Helmholtz-Gemeinschaft Deutscher Forschungszentren</subfield>
            <subfield code="g">HGF</subfield>
        </datafield>
        <datafield tag="909" ind1="C" ind2="O">
            <subfield code="o">oai:juser.fz-juelich.de:130521</subfield>
            <subfield code="p">authority:GRANT</subfield>
            <subfield code="p">authority</subfield>
        </datafield>
        <datafield tag="909" ind1="C" ind2="O">
            <subfield code="o">oai:juser.fz-juelich.de:130521</subfield>
        </datafield>
        <datafield tag="980" ind1=" " ind2=" ">
            <subfield code="a">G</subfield>
        </datafield>
        <datafield tag="980" ind1=" " ind2=" ">
            <subfield code="a">AUTHORITY</subfield>
        </datafield>
    </record>

    
</collection>